000 00193 a2200097 4500
001 9251
100 _aBroad, L
245 _aWinston Churchill
260 _a
_bSidgwick
_c
090 _c7420
_d7420
942 _aNUST-CAE
_cM
_c34068
999 _c244324
_d244324